| 000 | 00636nam a2200181 i 4500 | ||
|---|---|---|---|
| 001 | 164462 | ||
| 003 | ES-MaACL | ||
| 005 | 20230906212937.0 | ||
| 008 | 050829s1846 fr f | |||||||| ||fre d | ||
| 040 |
_aCAM _bspa _cCAM |
||
| 100 | 1 |
_aSalme, L. _9132341 |
|
| 245 | 1 | 0 |
_aTraité de prespective théorique et pratique / _cpar L. Salme. |
| 250 | _a3e éd. | ||
| 260 |
_aParis : _bchez L. Hachette, libraire de l'Université Royale de France, _c1846 ( _fImprimerie Panckoucke) |
||
| 300 |
_a120 p., 6 h. de lám. pleg. ; _c19 cm. |
||
| 650 | 0 | 4 |
_aPerspectiva. _915981 |
| 852 |
_aES-MaACL _jD-2101 _z-- Enc. hol. _z-- Legado M. de la Fuente |
||
| 999 |
_c164462 _d164462 |
||